Normal view
MARC view
Entry Topical Term
001 - CONTROL NUMBER
- control field: 10652
003 - CONTROL NUMBER IDENTIFIER
- control field: OSt
005 - DATE AND TIME OF LATEST TRANSACTION
- control field: 20211119100155.0
008 - FIXED-LENGTH DATA ELEMENTS
- fixed length control field: 211119|| aca||aabn | a|a d
040 ## - CATALOGING SOURCE
- Original cataloging agency: OSt
- Transcribing agency: OSt
150 ## - HEADING--TOPICAL TERM
- Topical term or geographic name entry element: International Relations
670 ## - SOURCE DATA FOUND
- Source citation: Work cat.: (OSt): Robin Cook 10648, Point of Departure: Why One of Britain's Leading Politicians Resigned Over Tony Blair's Decision to Go to War in Iraq, 2003